Ján Francisci-Rimavský a vrcholná fáza slovenského národného obrodenia

Bibliographic Details
Main Author: Pius, Miroslav, 1942- (Author)
Format: Book
Language:Slovak
PhysicalDescription:96 s. ilustr. 17 cm
Published: Bratislava Národné osvetové centrum 1997
ISBN:807121129X
Series:Osobnosti a udalosti
Subjects:

MARC

LEADER 00000nam a2200000 a 4500
001 vtls001289661
003 SK-MaSNL
005 20260522034036.0
008 240315s1997 xo aa rd 00000 slo
015 |a SNBA1997/1203555 
020 |a 807121129X 
035 |a SNK000241285 
035 |a urn:nbn:sk:snk-amjc1o 
035 |a urn:nbn:sk:snk-am003p2r 
035 |a D9B1EC06-8940-4DA4-9016-8718BC424EFC 
040 |a SNK  |b slo  |c SNK  |e AACR2 
041 0 |a slo 
044 |a xo  |c SK 
080 |a 930.85:929  |2 1981 
080 |a 929 Francisci, Ján  |2 1981 
100 1 |a Pius, Miroslav,  |d 1942-  |4 aut  |9 13714 
245 1 0 |a Ján Francisci-Rimavský a vrcholná fáza slovenského národného obrodenia  |c Miroslav Pius 
260 |a Bratislava  |b Národné osvetové centrum  |c 1997 
300 |a 96 s.  |b ilustr.  |c 17 cm 
490 1 |a Osobnosti a udalosti 
500 |a 300 výt. 
504 |a Bibliogr. odkazy 
600 1 7 |a Francisci, Ján,  |d 1822-1905  |2 SNKMA  |9 197878 
655 7 |a biografie  |2 SNK  |9 27965 
830 0 |a Osobnosti a udalosti  |9 385413 
919 |a 80-7121-129-X 
958 |a LX 
958 |a BX 
999 |c 886894  |d 888824 
952 |t P60, <09>, [BOOK], {629}  |a SNK  |b SNK  |y NEVYP  |7 0  |o snkB 343  |i snk2655/970611  |0 0  |1 0  |4 0  |d 1997-06-11  |l 0  |r 2005-01-02 00:00:00  |w 2026-02-24 
952 |t P60, <04>, [BOOK], {604}  |a SNK  |b SNK  |y VYP  |7 0  |p 17A0069262  |o snkSD 68644 D1  |i snkKSP 5936/97  |0 0  |1 0  |4 0  |d 1997-06-11  |l 0  |r 2005-01-02 00:00:00  |w 2026-02-24 
952 |t P60, <03>, [BOOK], {603}  |a SNK  |b SNK  |y PREZ  |7 0  |p 17A0069263  |o snkSD 68644  |i snkKSP 5935/97  |0 0  |1 0  |4 0  |d 1997-06-11  |l 0  |r 2005-01-02 00:00:00  |w 2026-02-24